000 00819nam a2200229 a 4500
001 73395
003 BD-RjUL
005 20211209082405.0
008 170530s1956 enkab b 000 0 eng d
035 _a(BD-RjUL)73613
040 _cMNP
_aBD-RjUL
_beng
041 _aeng
082 _a630.973
_223
_bNUF 1956
110 2 _aNuffield Foundation.
_9217107
245 1 0 _aFarming advisory services in North America :
_breport of a mission to Canada and the United States of America, June and July 1955 /
_csponsored by the Nuffield Foundation.
260 _aLondon :
_bNuffield Foundation,
_c1956.
300 _a153 p. :
_bill. ;
_c22 cm.
650 0 _aAgriculture
_zUnited States
_9162063
650 0 _aAgriculture
_zNorth America.
_9217105
650 0 _aAgricultural extension work
_zNorth America.
_9217106
942 _2ddc
_cBK
999 _c73395
_d73395